|
|
|
|
| LEADER |
00000cam a2200000 7i4500 |
| 001 |
0000002092 |
| 002 |
000002286 |
| 005 |
20080410.0 |
| 020 |
|
|
|a 0864380690
|
| 090 |
0 |
0 |
|a 919.40463
|b REA
|
| 245 |
0 |
0 |
|a Reader's digest wild Australia :
|b a recreational guide to all our national parks
|
| 250 |
|
|
|a 2nd ed.
|
| 260 |
|
|
|a Sydney :
|b Reader's Digest ,
|c 1989
|
| 300 |
|
|
|a 488p. :
|b ill. ;
|c 25cm.
|
| 650 |
0 |
0 |
|a National Parks and Reserves
|z Australia
|x Guidebooks
|
| 651 |
|
0 |
|a Australia
|x Description and travel
|x Guidebooks
|
| 999 |
|
|
|a 028194
|b BUKU
|c PINJAMAN
|e PERPUSTAKAAN KOMUNITI PETALING JAYA
|